| 000 | 01106ny a22002653n 4500 | ||
|---|---|---|---|
| 005 | 20240305165331.0 | ||
| 008 | 080924s2005 sp br s 000 a0spa c | ||
| 035 | _a739 | ||
| 040 |
_aUMA.RE _dvlex |
||
| 080 | _a34(460)(0.034) | ||
| 090 |
_c1468 _d1468 |
||
| 245 | 0 | 0 |
_aBoletin Juridico Allen & Overy _h[Recurso electrónico] |
| 256 | _aServicio en línea | ||
| 260 |
_a[London] [etc.] : _bAllen & Overy |
||
| 310 | _aBimestral | ||
| 506 | 1 |
_aContenido solo disponible en los productos indicados _dvLex Global _dvLex Global (Academic Edition, excluding Law Schools) _dvLex Global (U.S. Academic Edition, Law Schools) _dvLex Global (U.S. Academic Edition, excluding Law Schools) _dvLex Global (Academic Edition, Law Schools) |
|
| 650 | 0 | 7 |
_aTributario _2Tesauro vLex |
| 650 | 0 | 7 |
_aActividad crediticia _2Tesauro vLex |
| 650 | 0 | 7 |
_aMercados financieros _2Tesauro vLex |
| 650 | 0 | 7 |
_aMercado de capitales _2Tesauro vLex |
| 740 | 0 | _avLex Revista (Servicios en línea) | |
| 853 |
_81 _i(year) _j(month) _k(day) |
||
| 856 | _uhttps://app.vlex.com/#/sources/allen-overy-boletin-juridico-739 | ||
| 942 | _cRAA | ||
| 999 |
_c159937 _d159937 |
||